| 000 | 00760nam a2200193Ii 4500 | ||
|---|---|---|---|
| 003 | JO-AjNU | ||
| 008 | 230605s9999||||xx |||||||||||||| ||und|| | ||
| 040 |
_aJO-AjNU _bara _erda _cJO-AjNU |
||
| 041 | _aara | ||
| 050 | 1 | 4 | _aHJ3241 .S2 1978 |
| 100 | 3 |
_aالصبان، محمد سمير / م.مشارك: فاروق عبدالعال محمد, _eauthor _916606 |
|
| 245 | 0 | 0 | _aالاسس العامة في الفحص والقياس الضريبي |
| 264 | 3 | 1 | _aالاسكندرية: مؤسسة شباب الجامعة، 1978 |
| 300 |
_a677ص _bيحتوي على ببلوغرافية من 675-677ص |
||
| 336 |
_atext _btxt _2rdacontent |
||
| 337 |
_aunmediated _bn _2rdamedia |
||
| 338 |
_avolume _bnc _2rdacarrier |
||
| 650 | 4 |
_aالضرائب - محاسبة _916607 |
|
| 999 |
_aA4960 _c8528 _d8528 |
||